000
00411nam a22001697a 4500
003
MPLRDC
005
20220104143332.0
008
210129b ||||| |||| 00| 0 eng d
082
_a
880 TGNF-12
100
_a
屠格涅夫
245
_a
多余人日记
_c
海岑译
260
_a
_b
平明出版社
_c
1954
300
_b
平
490
_a
新译文丛刊
650
_a
俄国文学
942
_c
BK
_o
880 TGNF-12
999
_c
38918
_d
38908